[Event "Barcelona Sant Marti op-A 17th"]
[Site "Barcelona"]
[Date "2015.07.13"]
[Round "1"]
[White "Perez Otero, Juan Antonio"]
[Black "Gomez Garrido, Camilo Ernesto"]
[Result "0-1"]
[WhiteElo "2169"]
[BlackElo "2519"]
[PlyCount "96"]
[EventDate "2015.07.13"]
[EventType "swiss"]
[EventRounds "9"]
[EventCountry "ESP"]
[SourceTitle "CBM 167 Extra"]
[Source "ChessBase"]
[SourceDate "2015.09.14"]
[SourceVersion "1"]
[SourceVersionDate "2015.09.14"]
[SourceQuality "1"]

1. Nf3 c5 2. c4 Nc6 3. Nc3 g6 4. g3 Bg7 5. Bg2 d6 6. 0-0 Bf5 7. d3 Qd7 8. Re1 Bh3 9. Bh1 h6 10. Bd2 Nf6 11. a3 0-0 12. Rb1 Rac8 13. b4 b6 14. Qa4 e5 15. Rec1 Nh5 16. Nd5 f5 17. b5 Ne7 18. Nh4 Kh7 19. Qd1 Nxd5 20. Bxd5 Nf6 21. Bc6 Rxc6 22. bxc6 Qxc6 23. Nf3 e4 24. Ne1 exd3 25. exd3 Re8 26. Be3 Ng4 27. Qf3 Qa4 28. Nc2 Re7 29. d4 Qxc4 30. Nb4 Qf7 31. Nd5 Re4 32. Nf4 Nxe3 33. Nxh3 Nc4 34. dxc5 Nd2 35. Qd3 Nxb1 36. cxd6 Nc3 37. d7 Ne2+ 38. Qxe2 Qxd7 39. Qc2 b5 40. Rd1 Qe7 41. Kg2 Rc4 42. Qb1 Qc5 43. Nf4 Rc2 44. Nd3 Qc6+ 45. Kg1 a5 46. Qb3 Rc3 47. Qf7 Qf3 48. Nb2 Rc2 0-1